| 000 | 00569nam a22001817a 4500 | ||
|---|---|---|---|
| 003 | CEME | ||
| 005 | 20210628203328.0 | ||
| 008 | 210126b xxu||||| |||| 00| 0 eng d | ||
| 020 | _a81-297-0858-2 | ||
| 040 | _c. | ||
| 082 | _a658.4092 TRE | ||
| 100 |
_aTreichler, David.H, Carmichael, Ronald.D _964751 |
||
| 245 | _aThe six sigma path to leadership, observations from the trenches | ||
| 260 |
_aINDIA _bPEARSON EDUCATION ASIA _c2005 |
||
| 300 | _aXVIII,252P | ||
| 650 |
_aSIX SIGMA-QUALITY CONTROL STANDARD. SIX SIGMA PATH TO LEADERSHIP _964752 |
||
| 942 |
_cBK _2ddc |
||
| 999 |
_c573158 _d573158 |
||